000 00633nam a2200277Ia 4500
005 20260324122014.0
008 008 260324s9999 xx 000 0 eng d
020 _a9781315850320
037 _aEBOOK
040 _aCRL
040 _beng
040 _cCRL
041 _2eng
041 _aeng
084 _qCRL
100 _aSimon Tolson
_91164742
245 0 _aDictionary of Construction Terms
260 _bTaylor and Francis
260 _c2013
365 _a
365 _b255
856 _uhttp://www.taylorfrancis.com/books/9781315850320
942 _cEBOOK
999 _c1757170
_d1757170